Представление документа в формате RUSMARC

ПолеНазваниеЗначение
  Тип записи a
  Библиографический уровень a
001 Контрольный номер RU/CBS_UL/BASE/e609886d4c374942919fe77ea70c517d
005 Дата корректировки 20230301101428.3
100 Данные общей обработки __
a Данные общей обработки 20230301 ||| 0rusy0189 ca
101 Язык документа 0_
a Язык текста rus
102 Страна публикации __
a Страна публикации RU
200 Заглавие и сведения об ответственности 1_
a Заглавие О чтении и детской душе
e Сведения, относящиеся к заглавию [о книге Л. и О. Рудевичей "Детская душа" (1907)]
f Первые сведения об ответственности Л. Утина
300 Общие примечания __
a Общие примечания 12+
461 Уровень набора _0
1 2000
a Симбирскъ
463 Уровень физической единицы _0
1 2000
a № 9
v С. 4-6
1 2101
d 2018
1 001RU/CBS_UL/BASE/594209363
606 Тематические рубрики 0_
a Основная рубрика Детское чтение - Руководство
610 Ключевые слова 0_
a Ключевые слова литературоведение
610 Ключевые слова 0_
a Ключевые слова старинные книги
610 Ключевые слова 0_
a Ключевые слова проблема детского чтения
610 Ключевые слова 0_
a Ключевые слова детское чтение
610 Ключевые слова 0_
a Ключевые слова руководство детским чтением
610 Ключевые слова 0_
a Ключевые слова чтение детское
686 Индексы других классификаций __
a Классификационный индекс 78.39
686 Индексы других классификаций __
a Классификационный индекс 83.3(2Рос=Рус)1
700 Автор _1
a Фамилия Утина
b Имя (инициалы) Л.
801 Источник записи _0
a Страна RU
b Организация МБУК ЦБС г. Ульяновска
c Дата составления 20230301
g Правила каталогизации RCR
801 Источник записи _1
a Страна RU
b Организация МБУК ЦБС г. Ульяновска
c Дата составления 20230301
g Правила каталогизации RCR
901 Тип документа __
t Тип документа b
w Контрольный № источника RU/CBS_UL/BASE/594209363